Avtomatizirovannoje projektirovanije sistem upravlenija

Gespeichert in:
Bibliographische Detailangaben
Format: Buch
Veröffentlicht: Moskva : Mašinostrojenije, 1989
Tags: Tag hinzufügen
Keine Tags, Fügen Sie das erste Tag hinzu!

MARC

LEADER 00000nam a22000003a 4500
001 stu48699
005 20141122033921.3
008 ------s1989----xxr---------------------d
040 |a STU  |b slo 
041 0
044 |a xxr 
080 |a 658.512.011.56 
080 |a 681.51 
080 |a 681.3.06 
245 |a Avtomatizirovannoje projektirovanije sistem upravlenija 
260 |a Moskva :  |b Mašinostrojenije,  |c 1989 
300 |a 342 s 
996 |b J84176  |c J*84176/K 3  |l JJK3  |s P  |a 0  |w stu48699_0001